Handbook of company secretarial practice (Record no. 45254)

MARC details
000 -LEADER
fixed length control field 00676nam a2200193 a 4500
008 - FIXED-LENGTH DATA ELEMENTS--GENERAL INFORMATION
fixed length control field 120416s1986 ||||||||||||||||| || u
020 ## - INTERNATIONAL STANDARD BOOK NUMBER
International Standard Book Number 090219741X
050 ## - LIBRARY OF CONGRESS CALL NUMBER
Classification number KD 260 Lin
100 ## - MAIN ENTRY--PERSONAL NAME
Personal name Lintott, David
245 10 - TITLE STATEMENT
Title Handbook of company secretarial practice
260 ## - PUBLICATION, DISTRIBUTION, ETC.
Place of publication, distribution, etc. Cambridge
Name of publisher, distributor, etc. ICSA
Date of publication, distribution, etc. 1986
300 ## - PHYSICAL DESCRIPTION
Extent xvi, 320p.
350 ## - PRICE (NR) (BK AM CF MU VM SE) [OBSOLETE]
Price 0.00
500 ## - GENERAL NOTE
General note Includes index.
650 ## - SUBJECT ADDED ENTRY--TOPICAL TERM
Topical term or geographic name entry element LAW
650 ## - SUBJECT ADDED ENTRY--TOPICAL TERM
Topical term or geographic name entry element CORPORATION LAW--GREAT BRITAIN
650 ## - SUBJECT ADDED ENTRY--TOPICAL TERM
Topical term or geographic name entry element CORPORATION SECRETARIES--GREAT BRITAIN--HANDBOOKS, MANUALS, ETC
995 ## - RECOMMENDATION 995 [LOCAL, UNIMARC FRANCE]
-- 0.00
-- CBU-MAIN LIBRARY (Kitwe)
-- 1
-- 13.95
-- 1
-- AVAILABLE
-- Annex Low-Usage Collection
Holdings
Withdrawn status Lost status Source of classification or shelving scheme Damaged status Not for loan Home library Current library Shelving location Date acquired Total Checkouts Full call number Barcode Date last seen Price effective from Koha item type
          CBU-MAIN LIBRARY, KITWE. CBU-MAIN LIBRARY, KITWE.   11/30/2022   KD 260 Lin 009757 11/30/2022 11/30/2022 MONOGRAPH